| 000 | 00915cam a2200241Mc 4500 | ||
|---|---|---|---|
| 005 | 20141024072753.0 | ||
| 008 | 141024s2011 xxud fr 001 0 spa d | ||
| 020 | _a9780199677405 | ||
| 020 | _a9780199693894 | ||
| 040 |
_aCO-BoUCM _bspa _cJose A. Gerena _dJose A. Gerena |
||
| 041 | 2 | _aeng | |
| 100 | 1 |
_aRaadschelders, Jos C. N. _965535 |
|
| 245 | 1 | 0 |
_aPublic Administration _bThe Interdisciplinary Study of Government _cJos C. N. Raadschelders |
| 260 |
_aNueva York (Estados Unidos) _bOxford University press _c2011 |
||
| 300 |
_axvi, 263 páginas _bcuadros |
||
| 504 | _aIncluye referencias bibliográficas e índices | ||
| 650 | 7 |
_aAdministración pública _926446 |
|
| 650 | 7 |
_9355 _aAdministración pública _xAspectos sociales |
|
| 650 | 7 |
_97663 _aGobierno _xAnálisis |
|
| 690 |
_942738 _aAdministración pública |
||
| 942 |
_2DEWEY _a16 _cLIBRO _e1 _h350 _mR111 |
||
| 999 |
_c297206 _d297206 |
||